Focus (Record no. 80328)

MARC details
000 -LEADER
fixed length control field 00878cab a22002175a 4500
001 - CONTROL NUMBER
control field L143964
008 - FIXED-LENGTH DATA ELEMENTS--GENERAL INFORMATION
fixed length control field 070531e20080607xxkaod f S 000 0 eng d
035 ## - SYSTEM CONTROL NUMBER
System control number (Sirsi) u143964
041 0# - LANGUAGE CODE
Language code of text/sound track or separate title eng
100 1# - MAIN ENTRY--PERSONAL NAME
Personal name Pilkington, Lisa
245 00 - TITLE STATEMENT
Title Focus
Remainder of title Yorkshire industrial and distribution
260 ## - PUBLICATION, DISTRIBUTION, ETC.
Date of publication, distribution, etc. 2008
490 ## - SERIES STATEMENT
Series statement Estates Gazette
Volume/sequential designation (0822) 7 June 2008, 145-157(7)
520 ## - SUMMARY, ETC.
Summary, etc. Reports on how investors are responding to empty property rates. Considers whether the region could become a low-cost manufacturing alternative to Eastern Europe. Discusses the local effects of the expansion of the Humber ports. Explains why the Government should spend more on the transport network.
590 ## - LOCAL NOTE (RLIN)
Local note KA
651 #4 - SUBJECT ADDED ENTRY--GEOGRAPHIC NAME
Geographic name Yorkshire
Chronological subdivision 1888-
690 ## - LOCAL SUBJECT ADDED ENTRY--TOPICAL TERM (OCLC, RLIN)
Topical term or geographic name as entry element PROPERTY-COMMERCIAL PROPERTY-COMMERCIAL PROPERTY MARKET
700 1# - ADDED ENTRY--PERSONAL NAME
Personal name Jack, Simon
700 1# - ADDED ENTRY--PERSONAL NAME
Personal name Elghamry, Nadia
942 ## - ADDED ENTRY ELEMENTS (KOHA)
Suppress in OPAC 0
Holdings
Withdrawn status Lost status Source of classification or shelving scheme Damaged status Not for loan Home library Current library Shelving location Date acquired Total Checkouts Full call number Barcode Date last seen Copy number Price effective from Koha item type
    Dewey Decimal Classification     London London Journal article 10/06/2008   L143964 143964-1001 06/08/2019 1 06/08/2019 Journal article